<?xml version="1.0" encoding="UTF-8"?>
<record
    xmlns:xsi="http://www.w3.org/2001/XMLSchema-instance"
    xsi:schemaLocation="http://www.loc.gov/MARC21/slim http://www.loc.gov/standards/marcxml/schema/MARC21slim.xsd"
    xmlns="http://www.loc.gov/MARC21/slim">

  <leader>02178nam a2200301Ia 4500</leader>
  <controlfield tag="005">20220317001441.0</controlfield>
  <controlfield tag="008">161108s2005    sp o   g      000 j s    </controlfield>
  <datafield tag="020" ind1=" " ind2=" ">
    <subfield code="a">9788481916829</subfield>
  </datafield>
  <datafield tag="020" ind1=" " ind2=" ">
    <subfield code="a">848191682X</subfield>
  </datafield>
  <datafield tag="100" ind1="1" ind2=" ">
    <subfield code="a">Pirandello, Luigi</subfield>
    <subfield code="d">1867-1936</subfield>
  </datafield>
  <datafield tag="245" ind1="1" ind2="0">
    <subfield code="a">Relatos para un a&#xF1;o ; Mant&#xF3;n Negro</subfield>
    <subfield code="c">Luigi Pirandello ; traducci&#xF3;n de Rafael F., Tom&#xE1;s Llopis</subfield>
  </datafield>
  <datafield tag="250" ind1=" " ind2=" ">
    <subfield code="a">1a. edici&#xF3;n</subfield>
  </datafield>
  <datafield tag="300" ind1=" " ind2=" ">
    <subfield code="a">394  p&#xE1;ginas</subfield>
    <subfield code="b">fotograf&#xED;as en blanco y negro</subfield>
    <subfield code="c">22 cm</subfield>
  </datafield>
  <datafield tag="490" ind1=" " ind2=" ">
    <subfield code="a">Narrativa cl&#xE1;sicos</subfield>
  </datafield>
  <datafield tag="505" ind1=" " ind2=" ">
    <subfield code="a">Mant&#xF3;n Negro -- La primera noche -- El humo -- La capilla --Defensa de M&#xE9;ola -- Los afortunados -- Ya que no llueve -- Formalidades -- El abaniquito -- &#xED;Y dos! -- Amigu&#xED;simos -- Si -- Remedio: la geograf&#xED;a -- Respuesta -- El murci&#xE9;lago</subfield>
  </datafield>
  <datafield tag="520" ind1=" " ind2=" ">
    <subfield code="a">Son relatos sin h&#xE9;roes, peque&#xF1;as obras maestras gracias a sus perfectos mecanismos narrativos, a sus di&#xE1;logos h&#xE1;bilmente construidos o a la extraordinaria modernidad de sus personajes, que se manifiestan ansiosamente con gestos gui&#xF1;olescos y una locuacidad que deja al descubierto sus secretos. El escritor italiano expres&#xF3; su profundo pesimismo por la condici&#xF3;n humana a trav&#xE9;s del humor, que constituye uno de los rasgos de su obra narrativa y es singularmente macabro y desconcertante. La sonrisa que provoca procede m&#xE1;s bien de la incomodidad y amargura ante los aspectos absurdos de la existencia. Los temas y los s&#xED;mbolos expresionistas aparecen en algunos de sus relatos, que han sido traducidos a las principales lenguas, y que son una puerta desde la cual aprehender el absurdo de las pasiones humanas a la vez que la mirada se posa sobre una realidad an&#xF3;mala, extra&#xF1;a, deformada y privada de toda certeza tranquilizadora</subfield>
  </datafield>
  <datafield tag="534" ind1=" " ind2=" ">
    <subfield code="b">Novelle per un anno. Scialle nero</subfield>
  </datafield>
  <datafield tag="650" ind1="1" ind2="4">
    <subfield code="2">LEMB</subfield>
    <subfield code="a">Cuentos Italianos </subfield>
    <subfield code="y">Siglo XIX</subfield>
  </datafield>
  <datafield tag="650" ind1="1" ind2="4">
    <subfield code="2">LEMB</subfield>
    <subfield code="a">Literatura italiana</subfield>
    <subfield code="y">Siglo XIX</subfield>
  </datafield>
  <datafield tag="700" ind1="1" ind2=" ">
    <subfield code="a">Tom&#xE1;s Llopis, Rafael F.</subfield>
    <subfield code="e">traductor</subfield>
    <subfield code="9">73269</subfield>
  </datafield>
  <datafield tag="942" ind1=" " ind2=" ">
    <subfield code="2">loc</subfield>
    <subfield code="c">BKLIT</subfield>
  </datafield>
  <datafield tag="264" ind1=" " ind2=" ">
    <subfield code="a">Valencia</subfield>
    <subfield code="b">Pre-textos</subfield>
    <subfield code="c">2005</subfield>
  </datafield>
  <datafield tag="336" ind1=" " ind2=" ">
    <subfield code="a">texto</subfield>
    <subfield code="b">txt</subfield>
    <subfield code="2">rdacontent</subfield>
  </datafield>
  <datafield tag="337" ind1=" " ind2=" ">
    <subfield code="a">sin mediaci&#xF3;n</subfield>
    <subfield code="b">n</subfield>
    <subfield code="2">rdamedia</subfield>
  </datafield>
  <datafield tag="338" ind1=" " ind2=" ">
    <subfield code="a">volumen</subfield>
    <subfield code="b">nc</subfield>
    <subfield code="2">rdacarrier</subfield>
  </datafield>
  <datafield tag="040" ind1=" " ind2=" ">
    <subfield code="a">CO-BoRNBP</subfield>
    <subfield code="b">spa</subfield>
    <subfield code="e">rda</subfield>
    <subfield code="c">CO-BoRNBP</subfield>
  </datafield>
  <datafield tag="084" ind1=" " ind2=" ">
    <subfield code="a">C PIR1</subfield>
  </datafield>
  <datafield tag="999" ind1=" " ind2=" ">
    <subfield code="c">7018</subfield>
    <subfield code="d">7018</subfield>
  </datafield>
</record>
